书目信息 |
| 题名: |
意识形态与乌托邦
|
|
| 作者: | 曼海姆 , Mannheim 著 ;姚仁权 译 | |
| 分册: | 二 | |
| 出版信息: | 北京 九州出版社 2007 |
|
| 页数: | 316-637页 | |
| 开本: | 23cm | |
| 丛书名: | 西方学术经典文库 | |
| 单 册: | ||
| 中图分类: | D091.6 , B022 | |
| 科图分类: | ||
| 主题词: | 意识形态 , 乌托邦 | |
| 电子资源: | ||
| ISBN: | 7-80195-590-0 | |
| 000 | 00998oam2 2200301 450 | |
| 001 | 010700030315 | |
| 005 | 20070805164434.23 | |
| 010 | @a7-80195-590-0@dCNY82.00(全2册) | |
| 100 | @a20060616d2007 em y0chiy0110 ea | |
| 101 | 2 | @achi@aeng@cger |
| 102 | @aCN@b110000 | |
| 105 | @ay z 000yy | |
| 200 | 1 | @a意识形态与乌托邦@9yi shi xing tai yu wu tuo bang@h二@e英汉对照@f(德)卡尔·曼海姆(Karl Mannheim)著@g姚仁权译 |
| 210 | @a北京@c九州出版社@d2007 | |
| 215 | @a316-637页@d23cm | |
| 225 | 2 | @a西方学术经典文库 |
| 330 | @a本书内容包括:问题的初步探讨、意识形态与乌托邦、科学政治学的前景:社会理论与政治实践之间的关系、乌托邦思想等章节。 | |
| 461 | 0 | @12001 @a西方学术经典文库 |
| 510 | 1 | @aIdeology and Utopia@zeng |
| 606 | 0 | @a意识形态 |
| 606 | 0 | @a乌托邦 |
| 690 | @aD091.6@v4 | |
| 690 | @aB022@v4 | |
| 701 | 1 | @a曼海姆@9man hai mu@bK.@4著 |
| 701 | 1 | @aMannheim@bKarl@4著 |
| 702 | 0 | @a姚仁权@9yao ren quan@4译 |
| 801 | 0 | @aCN@bRENTIAN@c20070805 |
| 905 | @a10447@dB022@e106:2 | |
| 意识形态与乌托邦.二:英汉对照/(德)卡尔·曼海姆(Karl Mannheim)著/姚仁权译.-北京:九州出版社,2007 |
| 316-637页;23cm.-(西方学术经典文库) |
| ISBN 7-80195-590-0:CNY82.00(全2册) |
| 本书内容包括:问题的初步探讨、意识形态与乌托邦、科学政治学的前景:社会理论与政治实践之间的关系、乌托邦思想等章节。 |
| ● |
| 相关链接 |
|
|
|
|
正题名:意识形态与乌托邦
索取号:B022/106:2
 
预约/预借
| 序号 | 登录号 | 条形码 | 馆藏地/架位号 | 状态 | 备注 |
| 1 | 0808566 | 208085668 | 第一样本阅览室/ [索取号:B022/106:2] | 在馆 | |
| 2 | 0808567 | 208085677 | 密集书库/ [索取号:B022/106:2] | 在馆 | |
| 3 | 0808568 | 208085686 | 教育系资料室/ [索取号:B022/106:2] | 在馆 | |
| 4 | 0808569 | 208085695 | 密集书库/ [索取号:B022/106:2] | 在馆 | |
| 5 | 0808570 | 208085702 | 教育系资料室/ [索取号:B022/106:2] | 在馆 | |
| 6 | 0808571 | 208085711 | 密集书库/ [索取号:B022/106:2] | 在馆 | |
| 7 | 0808572 | 208085720 | 教育系资料室/ [索取号:B022/106:2] | 在馆 | |
| 8 | 0808573 | 208085739 | 第一借阅区/ [索取号:B022/106:2] | 在馆 | |
| 9 | 0808574 | 208085748 | 密集书库/ [索取号:B022/106:2] | 在馆 | |
| 10 | 0808575 | 208085757 | 第一借阅区/ [索取号:B022/106:2] | 在馆 |